Statistics for Aviation Decoder

Click here to take the quiz!

General Stats

  • This quiz has been taken 1,445 times
  • The average score is 13 of 26

Answer Stats

HintAnswer% Correct
ABoeing's present-day rivalAirbus
95%
Lflag carrier of GermanyLufthansa
89%
HLondon's major airportHeathrow
85%
Fhave to be extended before landingFlap
79%
Ebiggest customer of Airbus A380Emirates
74%
Omain airport serving ChicagoO'Hare
69%
Ucountry where flight MH17 was shot downUkraine
66%
Iflag carrier of SpainIberia
60%
NAll ______ AirwaysNippon
60%
Da force pulling the aircraft backwardDrag
59%
Tisland where the deadliest aviation accident took placeTenerife
55%
S_________ Changi AirportSingapore
52%
LScottish town where Pan Am 103 explodedLockerbie
50%
Pnot as severe as 'Mayday'Pan-pan
50%
Nnewer airport of TokyoNarita
49%
PUS state where flight 93 crashedPennsylvania
40%
ETaiwanese airline with Hello Kitty planes in its fleet{EVA} Air
36%
Ethe most violent type of uncontrolled decompression{Explosive} Decompression
33%
GAir Canada flight 143, 23 July 1983{Gimli} Glider
32%
Sairline own by 3 European countriesSAS
27%
Aairline with first fatal Boeing 777 crashAsiana
23%
Risland where the first wreckage of MH370 is foundReunion
23%
EICAO code of Israeli flag carrier airlineELY
16%
Omost mentioned fictional airlineOceanic
15%
VMoscow's oldest operating airportVnukovo
12%
All four engines have stopped.
6%

Score Distribution

Percentile by Number Answered

Percent of People with Each Score

Your Score History

You have not taken this quiz